Základy meteorológie a klimatológie

Guardado en:
Detalles Bibliográficos
Autor principal: Dub, Oto (Autor)
Formato: Libro
Lenguaje:eslovaco
Publicado: Bratislava : SVŠT v Bratislave, 1978
Edición:2.vyd.
Etiquetas: Agregar Etiqueta
Sin Etiquetas, Sea el primero en etiquetar este registro!

MARC

LEADER 00000nam a22000003a 4500
001 stu87791
005 20150617225625.3
008 040614s1978----cs------------------slo-d
040 |a STU  |b slo 
041 0 |a slo 
044 |a cs 
080 |a 551.5 
100 1 |a Dub, Oto  |4 aut 
245 1 |a Základy meteorológie a klimatológie 
250 |a 2.vyd. 
260 |a Bratislava :  |b SVŠT v Bratislave,  |c 1978 
300 |a 102 s 
996 |b 284V020056  |c V*26330/S-87  |l VVS  |s A  |a 24  |w stu87791_0001 
996 |b 284V020057  |c V*26331/S-87  |l VVS  |s A  |a 24  |w stu87791_0002